Statistical analysis for business (Record no. 367441)
[ view plain ]
| 000 -LEADER | |
|---|---|
| fixed length control field | 00615nam a22001937a 4500 |
| 003 - CONTROL NUMBER IDENTIFIER | |
| control field | 0 |
| 005 - DATE AND TIME OF LATEST TRANSACTION | |
| control field | 20250502142816.0 |
| 008 - FIXED-LENGTH DATA ELEMENTS--GENERAL INFORMATION | |
| fixed length control field | 250430b xxu||||| |||| 00| 0 eng d |
| 020 ## - INTERNATIONAL STANDARD BOOK NUMBER | |
| International Standard Book Number | 9789719655398 |
| 050 ## - LIBRARY OF CONGRESS CALL NUMBER | |
| Classification number | HF 1017 |
| Item number | .Si621 2023 |
| 100 ## - MAIN ENTRY--PERSONAL NAME | |
| Personal name | Sirug, Winston S. |
| Relator term | [author] |
| 245 ## - TITLE STATEMENT | |
| Title | Statistical analysis for business |
| Statement of responsibility, etc | Winston S. Sirug |
| 260 ## - PUBLICATION, DISTRIBUTION, ETC. (IMPRINT) | |
| Place of publication, distribution, etc | Intramuros, Manila |
| Name of publisher, distributor, etc | Mindshapers Co., Inc. |
| Date of publication, distribution, etc | 2023 |
| 300 ## - PHYSICAL DESCRIPTION | |
| Extent | x, 396 pages; |
| Dimensions | 25cm. |
| 650 ## - SUBJECT ADDED ENTRY--TOPICAL TERM | |
| Topical term or geographic name as entry element | Business—Statistical methods. |
| 650 ## - SUBJECT ADDED ENTRY--TOPICAL TERM | |
| Topical term or geographic name as entry element | Statistics—Application in business. |
| 650 ## - SUBJECT ADDED ENTRY--TOPICAL TERM | |
| Topical term or geographic name as entry element | Decision making—Statistical methods. |
| 942 ## - ADDED ENTRY ELEMENTS (KOHA) | |
| Source of classification or shelving scheme | Library of Congress Classification |
| Koha item type | Books |
| Withdrawn status | Lost status | Source of classification or shelving scheme | Damaged status | Home library | Current library | Shelving location | Date acquired | Source of acquisition | Total Checkouts | Full call number | Barcode | Date last seen | Price effective from | Koha item type | Sub Shelving location |
|---|---|---|---|---|---|---|---|---|---|---|---|---|---|---|---|
| Library of Congress Classification | College Library | College Library | Filipiniana Section | 04/30/2025 | Library Fund | HF 1017 .Si621 2023 | C24494 | 04/30/2025 | 04/30/2025 | Books | |||||
| Library of Congress Classification | College Library | College Library | Filipiniana Section | 04/30/2025 | Library Fund | HF 1017 .Si621 2023 | C24493 | 04/30/2025 | 04/30/2025 | Books | |||||
| Library of Congress Classification | College Library | College Library | Filipiniana Section | 05/07/2025 | Library Fund | HF 1017 .Si621 2023 | C24495 | 05/07/2025 | 05/07/2025 | Books |